000 00880nas a2200277 4500
001 BR9702820
003 BR-BrBNA
005 20231205100231.0
007 ta
008 230509b bl.|||p| |||| 00| 00por d
040 _aBR-BrBNA
_bpor
_cBiblioteca Nacional de Agricultura
041 _a(Pt)
072 _aL72
100 1 _aOliveira, C.M.B.
100 1 _aMuniz, R.A.
100 1 _aGoncalves, L.C.B.
100 1 _aOliveira, L.O.
245 1 _aEficacia de doramectin contra infestacoes induzidas por Cochliomyia Hominivorax (Coquerel, 1858)em bovinos do Rio Grande do Sul, Brasil
650 _aBoi
650 _aParasito
650 _aMiiase
650 _aMedicamento
773 0 _tRevista Brasileira de Parasitologia Veterinaria (Brazil)
_xISSN 0103-846X
_g(Feb 1993), v. 2(1) p. 7-10
_wBR9702820
909 _a202311
_bLúcia
_c55
_dLúcia Elande
942 _2AGRIS
_n0
_cANA
999 _c154873
_d154873